Football : Effectif PSG 2025 champion d'Europe - Statistiques

Statistiques générales
  • Ce quiz a été pris 834 fois
  • Le résultat moyen est 22 sur 25
Statistiques - réponses
Poste Nom % Correct
Gardien Gianluigi Donnarumma
99%
Latéral droit Achraf Hakimi
97%
Ailier Désiré Doué
97%
Ailier/Faux 9 Ousmane Dembélé
97%
Latéral gauche Nuno Mendes
96%
Ailier Bradley Barcola
95%
Milieu Joao Neves
95%
Défenseur central Marquinhos
95%
Milieu Vitinha
95%
Défenseur central Willian Pacho
95%
Milieu Fabian Ruiz
94%
Entraîneur Luis Enrique
94%
Attaquant de pointe Gonçalo Ramos
90%
Ailier Khvicha Kvaratskhelia
90%
Latéral gauche Lucas Hernandez
89%
Milieu Senny Mayulu
89%
Gardien Matvey Safonov
88%
Président Nasser Al-Khelaïfi
86%
Milieu Warren Zaïre-Emery
86%
Défenseur central Lucas Beraldo
80%
Gardien Arnau Tenas
75%
Ailier/Millieu offensif Kang-In Lee
75%
Directeur sportif Luis Campos
74%
Défenseur central Presnel Kimpembe
69%
Ailier Ibrahim Mbaye
67%
Aucun quiz correspondant
Distribution des résultats
% des personnes avec chaque résultat
Percentile par nombre de réponses
Votre historique - résultats
Vous n’avez pas pris ce quiz